Investigación de mercados: un enfoque aplicado

Uloženo v:
Podrobná bibliografie
Hlavní autoři: Kinnear, Thomas C (Autor), Taylor, James R (Autor)
Médium: Kniha
Jazyk:španělština
Vydáno: Bogotá McGraw Hill 1998
Vydání:5a. ed
Témata:
Tagy: Přidat tag
Žádné tagy, Buďte první, kdo vytvoří štítek k tomuto záznamu!

MARC

LEADER 00000cam a2200000 a 4500
001 UCR6897
003 CL-VaPUC
005 20230330103646.0
008 980424e19980000CK |||||||||||||||||spa|d
999 |c 268789  |d 268787 
020 |a 9586007820 
040 |c Pontificia Universidad Católica de Valparaíso 
082 0 4 |a 658.8  |b KIN  |2 21 
100 |a Kinnear, Thomas C  |e author  |9 412058 
245 1 0 |a Investigación de mercados: un enfoque aplicado 
250 |a 5a. ed 
260 |a Bogotá  |b McGraw Hill  |c 1998 
300 |a 874 p 
583 |a last modification  |c 20140304 05:05:31  |k Rodrigo Vera 
650 0 |a Análisis de mercado  |9 260838 
650 0 |a Marketing  |9 259326 
650 7 |a Muestreo   |2 CL-VaPUC  |9 408099  |x Recolección de Datos 
650 0 |a Estadística   |9 259535 
700 0 |a Taylor, James R  |e author  |9 408098 
942 |c BK  |2 ddc 
945 |d 19980424 00:00:00  |a rbrito 
952 |0 0  |1 0  |4 0  |6 658_800000000000000_KIN_1998  |7 0  |8 R  |9 302136  |a BIBENE  |b BIBENE  |d 2019-11-20  |i 3421082  |o 658.8 KIN 1998  |p 3421082  |r 2025-01-15  |w 2019-11-20  |y BK_R  |k ICO 
952 |0 0  |1 0  |4 0  |6 658_800000000000000_KIN_1998  |7 0  |8 R  |9 302137  |a BIBGIM  |b BIBGIM  |d 2019-11-20  |i 3432254  |o 658.8 KIN 1998  |p 3432254  |r 2025-01-15  |w 2019-11-20  |y BK_R  |k GIM 
952 |0 0  |1 0  |4 0  |6 658_800000000000000_KIN_1998  |7 0  |8 R  |9 302138  |a BIBENE  |b BIBENE  |d 2019-11-20  |i 3510328  |o 658.8 KIN 1998  |p 3510328  |r 2025-01-15  |w 2019-11-20  |y BK_R  |k ICO 
952 |0 0  |1 0  |2 ddc  |4 0  |6 658_800000000000000_KIN_1998  |7 0  |8 A  |9 302139  |a BIBING  |b BIBING  |c PAC  |d 2019-11-20  |i 4198476  |o 658.8 KIN 1998  |p 4198476  |r 2025-01-20  |w 2019-11-20  |y BK  |k TRA 
952 |0 0  |1 0  |4 0  |6 658_800000000000000_KIN_1998  |7 0  |8 R  |9 302140  |a BIBGIM  |b BIBGIM  |d 2019-11-20  |i 4337735  |o 658.8 KIN 1998  |p 4337735  |r 2025-01-15  |w 2019-11-20  |y BK_R  |k EST 
952 |0 0  |1 0  |4 0  |6 658_800000000000000_KIN_1998  |7 0  |8 R  |9 302141  |a BIBGIM  |b BIBGIM  |d 2019-11-20  |i 4337743  |o 658.8 KIN 1998  |p 4337743  |r 2025-01-15  |w 2019-11-20  |y BK_R  |k EST 
952 |0 0  |1 0  |3 erb  |4 0  |6 658_800000000000000_KIN_1998  |7 0  |8 R  |9 302142  |a BIBAGR  |b BIBAGR  |i 5060176  |l 3  |o 658.8 KIN 1998  |p 5060176  |r 2025-04-04  |s 2025-04-03  |w 2019-11-20  |y BK_R  |z Catalogado en:20140307  |k AGR 
952 |0 0  |1 0  |3 erb  |4 0  |6 658_800000000000000_KIN_1998  |7 0  |8 R  |9 302143  |a BIBAGR  |b BIBAGR  |i 5060184  |l 2  |o 658.8 KIN 1998  |p 5060184  |r 2025-05-02  |s 2025-04-29  |w 2019-11-20  |y BK_R  |z Catalogado en:20140307  |k AGR 
952 |0 0  |1 0  |3 erb  |4 0  |6 658_800000000000000_KIN_1998  |7 0  |8 R  |9 302144  |a BIBAGR  |b BIBAGR  |i 5060192  |l 1  |o 658.8 KIN 1998  |p 5060192  |r 2025-04-28  |s 2025-04-24  |w 2019-11-20  |y BK_R  |z Catalogado en:20140307  |k AGR